[Event "Olimpiada Calviá 2004"]
[Site "Calviá ESP"]
[Date "2004.10.28"]
[Round "13.51"]
[White "Marcelle, Joffrey"]
[Black "Klerides, Paris"]
[Result "0-1"]
[WhiteElo "1990"]
[BlackElo "2234"]
[PlyCount "72"]
[EventDate "2004.10.15"]
[EventType "team"]
[EventRounds "14"]
[EventCountry "ESP"]
[Source "lmi"]
[SourceDate "2004.10.27"]

1. d4 Nf6 2. c4 g6 3. Nc3 Bg7 4. e4 d6 5. Bd3 O-O 6. Nge2 Nc6 7. f3 Nh5 8. g4
Nf6 9. Be3 e5 10. d5 Nd4 11. O-O Bxg4 12. Nxd4 exd4 13. Bxd4 Bh3 14. Rf2 Ng4
15. Bxg7 Nxf2 16. Kxf2 Kxg7 17. Qg1 Qf6 18. Qg3 Bd7 19. Ke2 a6 20. Rf1 b5 21.
c5 dxc5 22. e5 Rae8 23. f4 c4 24. Kd2 Qb6 25. Bc2 b4 26. Ne4 b3 27. axb3 Qa5+
28. Nc3 cxb3 29. f5 bxc2 30. f6+ Kh8 31. Qg5 c1=Q+ 32. Rxc1 Qb4 33. Qh6 Qd4+
34. Kc2 Bf5+ 35. Kb3 Rb8+ 36. Ka3 Qb4+ 0-1

[Event "Olimpiada Calviá 2004"]
[Site "Calviá ESP"]
[Date "2004.10.28"]
[Round "13.52"]
[White "Van Hoolandt, Patrick"]
[Black "Elarbi, Abobker"]
[Result "0-1"]
[WhiteElo "2269"]
[BlackElo "2253"]
[PlyCount "54"]
[EventDate "2004.10.15"]
[EventType "team"]
[EventRounds "14"]
[EventCountry "ESP"]
[Source "lmi"]
[SourceDate "2004.10.27"]

1. c4 e6 2. g3 d5 3. Bg2 c6 4. b3 dxc4 5. Nf3 cxb3 6. Qxb3 Nd7 7. d4 Ngf6 8.
Nbd2 Be7 9. O-O O-O 10. Bb2 b6 11. Rfd1 Bb7 12. Ne5 Nxe5 13. dxe5 Nd7 14. Ne4
Qc7 15. Rxd7 Qxd7 16. Nf6+ gxf6 17. exf6 Bc5 18. Rd1 Qc7 19. Qf3 Rfd8 20. Rc1
Kf8 21. Qh5 Ke8 22. Bh3 Qd7 23. Qxh7 Bf8 24. Qg8 c5 25. f3 Qd2 26. Kf2 Qxb2 27.
Rc4 Qxf6 0-1

[Event "Olimpiada Calviá 2004"]
[Site "Calviá ESP"]
[Date "2004.10.28"]
[Round "13.52"]
[White "Salem, Ali Maoloud"]
[Black "Gentilleau, Jean-Philippe"]
[Result "1/2-1/2"]
[WhiteElo "2228"]
[BlackElo "2256"]
[PlyCount "60"]
[EventDate "2004.10.15"]
[EventType "team"]
[EventRounds "14"]
[EventCountry "ESP"]
[Source "lmi"]
[SourceDate "2004.10.27"]

1. e4 c5 2. Nf3 d6 3. d4 cxd4 4. Nxd4 Nf6 5. Nc3 Nc6 6. Bg5 e6 7. Qd2 Be7 8.
O-O-O O-O 9. f3 Nxd4 10. Qxd4 Qa5 11. Bd2 Qc7 12. Nb5 Qc6 13. Bg5 h6 14. Bxf6
Bxf6 15. Qc4 Rd8 16. g3 Qb6 17. Kb1 a6 18. Nc3 Bd7 19. Qb3 Qc7 20. Bg2 b5 21.
f4 Rac8 22. a3 a5 23. Rd2 Rb8 24. Na2 Qc5 25. c3 Bc6 26. Rhd1 Be7 27. Qc2 Rdc8
28. Qd3 Be8 29. Qd4 Qc7 30. g4 Qc4 1/2-1/2

[Event "Olimpiada Calviá 2004"]
[Site "Calviá ESP"]
[Date "2004.10.28"]
[Round "13.52"]
[White "Calabrese, Antonino"]
[Black "Asabri, Hussien"]
[Result "0-1"]
[WhiteElo "2038"]
[BlackElo "2286"]
[PlyCount "98"]
[EventDate "2004.10.15"]
[EventType "team"]
[EventRounds "14"]
[EventCountry "ESP"]
[Source "lmi"]
[SourceDate "2004.10.27"]

1. e4 e5 2. Nf3 Nc6 3. Bc4 Nf6 4. d4 exd4 5. e5 d5 6. Bb5 Ne4 7. Nxd4 Bd7 8.
Bxc6 bxc6 9. Be3 Bc5 10. Nd2 Nxd2 11. Qxd2 Qe7 12. f4 O-O 13. O-O f6 14. Nb3
Bb6 15. Rae1 fxe5 16. Bxb6 axb6 17. Rxe5 Qf6 18. a3 Rf7 19. g3 Bh3 20. Rfe1
Raf8 21. c3 g5 22. Re8 gxf4 23. Rxf8+ Rxf8 24. Qxf4 Qxf4 25. gxf4 Rxf4 26. Nd4
Rf6 27. Ne2 h5 28. Ng3 h4 29. Nf1 Rxf1+ 30. Rxf1 Bxf1 31. Kxf1 c5 32. Ke2 Kf7
33. Kf3 Ke6 34. Kf4 Kf6 35. a4 Ke6 36. h3 c6 37. b3 Kf6 38. b4 cxb4 39. cxb4
Ke6 40. Ke3 c5 41. b5 Ke5 42. Kd3 d4 43. Kc4 Kd6 44. Kd3 Kd5 45. Kc2 c4 46. Kb2
Kc5 47. Ka3 d3 48. Kb2 Kb4 49. a5 Kxa5 0-1

[Event "Olimpiada Calviá 2004"]
[Site "Calviá ESP"]
[Date "2004.10.28"]
[Round "13.52"]
[White "Chahrani, Ibrahim"]
[Black "Lebel-Arias, Julia"]
[Result "1-0"]
[WhiteElo "2273"]
[BlackElo "1986"]
[PlyCount "63"]
[EventDate "2004.10.15"]
[EventType "team"]
[EventRounds "14"]
[EventCountry "ESP"]
[Source "lmi"]
[SourceDate "2004.10.27"]

1. e4 g6 2. d4 Bg7 3. Nc3 c6 4. Be3 b5 5. Qd2 b4 6. Nd1 Qb6 7. f4 d5 8. e5 h5
9. Nf3 Nh6 10. Be2 Nf5 11. Bf2 Na6 12. O-O Nc7 13. a3 bxa3 14. Rxa3 Ne6 15. Rb3
Qc7 16. Ng5 O-O 17. h3 Rb8 18. Ra3 Bh6 19. Nxe6 Bxe6 20. g4 hxg4 21. hxg4 Nd6
22. exd6 Qxd6 23. Bg3 Rb7 24. Raf3 Rb6 25. g5 Bh3 26. gxh6 Bxf1 27. Bxf1 Qf6
28. Ne3 Qe6 29. f5 gxf5 30. Qf2 Qxh6 31. Nxf5 Qg5 32. Kh2 1-0

[Event "Olimpiada Calviá 2004"]
[Site "Calviá ESP"]
[Date "2004.10.28"]
[Round "13.53"]
[White "Njobvu, Ignatius"]
[Black "Hawes, Jonathan"]
[Result "1-0"]
[WhiteElo "2201"]
[BlackElo "2151"]
[PlyCount "127"]
[EventDate "2004.10.15"]
[EventType "team"]
[EventRounds "14"]
[EventCountry "ESP"]
[Source "lmi"]
[SourceDate "2004.10.27"]

1. d4 d5 2. c4 e6 3. Nc3 c6 4. cxd5 exd5 5. Nf3 Bf5 6. Qb3 Qb6 7. Qxb6 axb6 8.
e3 Nf6 9. Ne5 Nbd7 10. Bd3 Bxd3 11. Nxd3 Bd6 12. f3 b5 13. Bd2 Nb6 14. b3 O-O
15. Kf2 Rfe8 16. g3 Nfd7 17. Rhc1 Nf8 18. Ne2 Ne6 19. Bb4 Nc8 20. Bc5 Nxc5 21.
dxc5 Be5 22. Nxe5 Rxe5 23. a4 bxa4 24. Rxa4 Rb8 25. Rca1 Re8 26. Nd4 Ne7 27.
Ra7 Rec8 28. R1a4 Kf8 29. b4 Ke8 30. Ra1 Kd7 31. g4 Rc7 32. Ra8 Rcc8 33. Rxb8
Rxb8 34. f4 Nc8 35. g5 b6 36. Nf5 bxc5 37. bxc5 Rb2+ 38. Kg3 g6 39. Nd4 Rb4 40.
Ra8 Rc4 41. Nxc6 Rxc5 42. Ne5+ Ke7 43. Kf3 Nd6 44. Ra7+ Ke6 45. Nd7 Rc2 46.
Nf8+ Kf5 47. Rd7 Rc6 48. Nxh7 Ke6 49. Nf8+ Kf5 50. h4 Ra6 51. Rd8 Rc6 52. Nd7
Ra6 53. Nc5 Rb6 54. Rd7 Rc6 55. Rd8 Rb6 56. Nb3 Ke6 57. Nd4+ Ke7 58. Ra8 Nb5
59. Ne2 f6 60. Ra4 fxg5 61. fxg5 Kd6 62. Nf4 Ke5 63. Nd3+ Ke6 64. Rb4 1-0

[Event "Olimpiada Calviá 2004"]
[Site "Calviá ESP"]
[Date "2004.10.28"]
[Round "13.53"]
[White "Fulton, Anthony"]
[Black "Khetho, Phemelo"]
[Result "0-1"]
[WhiteElo "2203"]
[BlackElo "2238"]
[PlyCount "70"]
[EventDate "2004.10.15"]
[EventType "team"]
[EventRounds "14"]
[EventCountry "ESP"]
[Source "lmi"]
[SourceDate "2004.10.27"]

1. e4 d5 2. exd5 Nf6 3. c4 c6 4. d4 cxd5 5. Nc3 Nc6 6. Nf3 Bg4 7. cxd5 Nxd5 8.
Be2 e6 9. O-O Be7 10. Ne5 Bxe2 11. Nxe2 Rc8 12. a3 O-O 13. b4 Qd6 14. f4 Rfd8
15. Rf3 Bf6 16. Bb2 Nxf4 17. Nxc6 Nxe2+ 18. Qxe2 Rxc6 19. Rd1 Qc7 20. Qe4 Rc2
21. Ba1 Rc1 22. Qe1 Rxa1 23. Rxa1 Bxd4+ 24. Kh1 Bxa1 25. Qxa1 e5 26. Rf1 f6 27.
Qa2+ Qf7 28. Qf2 b6 29. Qc2 Qd7 30. h3 Qd3 31. Qa2+ Kf8 32. Rc1 e4 33. Re1 e3
34. a4 Qd2 35. Qb1 e2 0-1

[Event "Olimpiada Calviá 2004"]
[Site "Calviá ESP"]
[Date "2004.10.28"]
[Round "13.53"]
[White "Oatlhotse, Providence"]
[Black "Wojciechowski, Paul"]
[Result "1-0"]
[WhiteElo "2128"]
[BlackElo "2146"]
[PlyCount "71"]
[EventDate "2004.10.15"]
[EventType "team"]
[EventRounds "14"]
[EventCountry "ESP"]
[Source "lmi"]
[SourceDate "2004.10.27"]

1. d4 Nf6 2. c4 g6 3. Nc3 d5 4. cxd5 Nxd5 5. Qb3 Nxc3 6. bxc3 Bg7 7. Nf3 O-O 8.
Bf4 c5 9. e3 Qa5 10. Bc4 cxd4 11. exd4 Nc6 12. O-O Qf5 13. Bc7 b6 14. Qa3 Bb7
15. Be2 Rfc8 16. Bg3 e5 17. dxe5 Nxe5 18. Bxe5 Bxe5 19. Qe7 Bxf3 20. Bxf3 Rc7
21. Qxc7 Bxc7 22. Bxa8 Be5 23. Rac1 Qc8 24. Bd5 Bxc3 25. Rfd1 b5 26. Rd3 b4 27.
Rf3 Qc5 28. Bxf7+ Kg7 29. Bb3 a5 30. Rd1 Bd4 31. Rf4 Be5 32. Rf7+ Kh6 33. Rfd7
Bc7 34. Bg8 Qc2 35. Rxh7+ Kg5 36. Rd5+ 1-0

[Event "Olimpiada Calviá 2004"]
[Site "Calviá ESP"]
[Date "2004.10.28"]
[Round "13.54"]
[White "Asefi, Zahiruddin"]
[Black "Matthews, Shane"]
[Result "0-1"]
[WhiteElo "2064"]
[BlackElo "2251"]
[PlyCount "116"]
[EventDate "2004.10.15"]
[EventType "team"]
[EventRounds "14"]
[EventCountry "ESP"]
[Source "lmi"]
[SourceDate "2004.10.27"]

1. Nf3 f5 2. d4 Nf6 3. g3 b6 4. Bg2 Bb7 5. c4 e6 6. Nc3 Bb4 7. O-O O-O 8. Bg5
h6 9. Bd2 d6 10. Rc1 Nbd7 11. Re1 a5 12. b3 Ne4 13. Qc2 Rf7 14. Nb5 Ndf6 15.
Red1 Nxd2 16. Nxd2 Bxg2 17. Kxg2 Bxd2 18. Qxd2 Ne4 19. Qd3 Qg5 20. f3 Nf6 21.
Qd2 Qh5 22. c5 bxc5 23. dxc5 d5 24. Qe3 g5 25. Nd4 Re8 26. h3 f4 27. Qe5 fxg3
28. Rh1 Nd7 29. Qxg3 e5 30. Nb5 e4 31. Nd4 exf3+ 32. exf3 Rf4 33. Rhd1 Ne5 34.
Rc3 Ng6 35. Rd2 Rh4 36. Re2 Nf4+ 37. Kf1 Nxe2 38. Nxe2 Rxh3 39. Nf4 Rh1+ 40.
Kg2 Qh4 41. Qxh4 Rxh4 42. Nxd5 Re2+ 43. Kg3 Rd4 44. Nxc7 h5 45. c6 Rdd2 46. f4
Rc2 47. Rxc2 gxf4+ 48. Kxf4 Rxc2 49. Nd5 Kf7 50. c7 Ke6 51. Ke4 h4 52. a3 Kd7
53. Nf4 Kxc7 54. b4 a4 55. b5 Kb6 56. Kd3 Ra2 57. Nd5+ Kc5 58. Ke4 Rxa3 0-1

[Event "Olimpiada Calviá 2004"]
[Site "Calviá ESP"]
[Date "2004.10.28"]
[Round "13.54"]
[White "Ayyoubi, Saifudin"]
[Black "Porter, Russel"]
[Result "0-1"]
[WhiteElo "2200"]
[BlackElo "2176"]
[PlyCount "102"]
[EventDate "2004.10.15"]
[EventType "team"]
[EventRounds "14"]
[EventCountry "ESP"]
[Source "lmi"]
[SourceDate "2004.10.27"]

1. e4 c5 2. Nf3 e6 3. d4 cxd4 4. Nxd4 Nc6 5. c3 Be7 6. Be3 Nf6 7. Bd3 Ne5 8.
Bc2 d5 9. Nd2 Bd7 10. h3 dxe4 11. Nxe4 a6 12. Qe2 Nc6 13. O-O-O Qa5 14. Kb1 Nd5
15. Nb3 Qc7 16. Bg5 O-O-O 17. Bxe7 Ncxe7 18. Ng5 Qf4 19. h4 Bc6 20. Nd4 e5 21.
Nxc6 Nxc6 22. g3 Qf6 23. Ne4 Qe7 24. Ba4 Kc7 25. Bxc6 bxc6 26. Qc4 Nb6 27. Qxa6
Ra8 28. Qe2 Rhb8 29. Nd2 Na4 30. Nb3 Rb5 31. f4 Rab8 32. Qc4 Nb6 33. Qe2 f6 34.
Rhe1 Qf7 35. Qc2 Nc4 36. Ka1 Ra8 37. Re2 Kb6 38. Re4 Qa7 39. Qb1 Rd5 40. Rxd5
cxd5 41. Re2 Qa4 42. fxe5 Qxb3 43. e6 Rxa2+ 44. Qxa2 Qd1+ 45. Qb1 Qxe2 46. Ka2
Kc6 47. e7 Qxe7 48. Qc2 Qa7+ 49. Kb1 Qg1+ 50. Ka2 Na5 51. g4 Qb6 0-1

[Event "Olimpiada Calviá 2004"]
[Site "Calviá ESP"]
[Date "2004.10.28"]
[Round "13.55"]
[White "Matoewi, Roger"]
[Black "Maduro, Sherman"]
[Result "1/2-1/2"]
[WhiteElo "2195"]
[BlackElo "2116"]
[PlyCount "41"]
[EventDate "2004.10.15"]
[EventType "team"]
[EventRounds "14"]
[EventCountry "ESP"]
[Source "lmi"]
[SourceDate "2004.10.27"]

1. Nf3 c5 2. e4 a6 3. d4 cxd4 4. Nxd4 e5 5. Nb3 Nf6 6. Nc3 Bb4 7. Bg5 h6 8.
Bxf6 Bxc3+ 9. bxc3 Qxf6 10. Be2 Qg6 11. Bf3 O-O 12. Nd2 Qc6 13. c4 d6 14. O-O
Be6 15. Rb1 Nd7 16. Bg4 Rae8 17. Re1 Bxg4 18. Qxg4 Re6 19. Rb3 Rg6 20. Qe2 Re8
21. Rg3 1/2-1/2

[Event "Olimpiada Calviá 2004"]
[Site "Calviá ESP"]
[Date "2004.10.28"]
[Round "13.55"]
[White "Gajadin, Dewperkash"]
[Black "Mensing, Fabio"]
[Result "1/2-1/2"]
[WhiteElo "2207"]
[BlackElo "2122"]
[PlyCount "94"]
[EventDate "2004.10.15"]
[EventType "team"]
[EventRounds "14"]
[EventCountry "ESP"]
[Source "lmi"]
[SourceDate "2004.10.27"]

1. e4 c5 2. Nf3 a6 3. d4 cxd4 4. Nxd4 e5 5. Nf3 Nc6 6. Bd3 Nf6 7. Nc3 d6 8. h3
Be7 9. O-O O-O 10. Bg5 Be6 11. Qd2 Qd7 12. Rfd1 Rfd8 13. Kh2 Qc7 14. Bxf6 Bxf6
15. Nd5 Bxd5 16. exd5 Ne7 17. c4 Kh8 18. Ng5 Ng6 19. g3 Qe7 20. Ne4 Nf8 21.
Rac1 b6 22. Qe3 Nd7 23. Qf3 Rdc8 24. Re1 Nc5 25. Nxf6 Nxd3 26. Qxd3 Qxf6 27.
Rc2 Rc7 28. Rce2 g6 29. Kg2 Rac8 30. b3 Qg5 31. f4 exf4 32. Qd4+ f6 33. Re8+
Kg7 34. Qxf4 Qxf4 35. gxf4 Kf7 36. Rxc8 Rxc8 37. Re6 Rd8 38. Kf3 Rd7 39. h4 b5
40. Ke4 bxc4 41. bxc4 Re7 42. f5 Rxe6+ 43. dxe6+ Ke7 44. Kf4 Ke8 45. Kg4 Ke7
46. Kf4 Ke8 47. Ke4 Ke7 1/2-1/2

[Event "Olimpiada Calviá 2004"]
[Site "Calviá ESP"]
[Date "2004.10.28"]
[Round "13.56"]
[White "Calangi, Zachary Alexander"]
[Black "Mukabi, John"]
[Result "1/2-1/2"]
[WhiteElo "2142"]
[BlackElo "2105"]
[PlyCount "82"]
[EventDate "2004.10.15"]
[EventType "team"]
[EventRounds "14"]
[EventCountry "ESP"]
[Source "lmi"]
[SourceDate "2004.10.27"]

1. e4 e5 2. f4 Bc5 3. Nf3 d6 4. d4 exd4 5. Bd3 Nc6 6. O-O Bg4 7. h3 Bxf3 8.
Qxf3 Qd7 9. a3 a5 10. Kh1 Nge7 11. Nd2 a4 12. b4 axb3 13. Nxb3 O-O-O 14. Bb2 f6
15. Bb5 Qe6 16. Rfe1 h5 17. Nd2 g5 18. Bc4 Qd7 19. f5 Ne5 20. Be6 Nxf3 21.
Bxd7+ Rxd7 22. Nxf3 Nc6 23. Rad1 g4 24. Nxd4 Nxd4 25. Bxd4 Bxd4 26. Rxd4 Re7
27. Kh2 Rg8 28. g3 gxh3 29. Kxh3 Rg4 30. Re3 Re5 31. Kg2 Kd7 32. Kf3 c6 33.
Red3 d5 34. c4 Rexe4 35. Rxe4 Rxe4 36. cxd5 Re5 37. dxc6+ Kxc6 38. Kf4 Ra5 39.
Rb3 Ra4+ 40. Kf3 Ra5 41. Kf4 Ra4+ 1/2-1/2

[Event "Olimpiada Calviá 2004"]
[Site "Calviá ESP"]
[Date "2004.10.28"]
[Round "13.57"]
[White "Kovacova, Zuzana"]
[Black "Frick, Renato"]
[Result "0-1"]
[WhiteElo "2039"]
[BlackElo "2151"]
[PlyCount "86"]
[EventDate "2004.10.15"]
[EventType "team"]
[EventRounds "14"]
[EventCountry "ESP"]
[Source "lmi"]
[SourceDate "2004.10.27"]

1. e4 c5 2. Nc3 Nc6 3. g3 g6 4. Bg2 Bg7 5. d3 d6 6. Be3 Rb8 7. Qd2 b5 8. Nge2
Nd4 9. O-O Qa5 10. Kh1 e6 11. Rfe1 Ne7 12. Ng1 O-O 13. f4 b4 14. Nd1 Qa4 15. c3
bxc3 16. Nxc3 Qd7 17. Nf3 Ba6 18. Bxd4 cxd4 19. Nd1 Qb5 20. Bf1 Rfc8 21. b3 Nc6
22. Nb2 d5 23. e5 Bf8 24. Na4 Bb4 25. Qg2 Bxe1 26. Rxe1 Qb4 27. g4 Bb5 28. Nb2
a5 29. Qh3 Kg7 30. f5 Rh8 31. fxe6 fxe6 32. g5 Kf7 33. Qg4 Ne7 34. h4 Nf5 35.
Qf4 Ke7 36. Re2 Rhf8 37. Bh3 Rbc8 38. Kh2 Ne3 39. Qg3 Rc1 40. Qf2 Qc3 41. h5
Rc2 42. Na4 Bxa4 43. bxa4 Qxd3 0-1

[Event "Olimpiada Calviá 2004"]
[Site "Calviá ESP"]
[Date "2004.10.28"]
[Round "13.57"]
[White "Guller, Andras"]
[Black "Faulks, Nick"]
[Result "1/2-1/2"]
[WhiteElo "2110"]
[BlackElo "2056"]
[PlyCount "98"]
[EventDate "2004.10.15"]
[EventType "team"]
[EventRounds "14"]
[EventCountry "ESP"]
[Source "lmi"]
[SourceDate "2004.10.27"]

1. e4 c5 2. Nf3 e6 3. Nc3 a6 4. d4 cxd4 5. Nxd4 b5 6. Bd3 Qb6 7. Nb3 Qc7 8. O-O
Nf6 9. Qe2 d6 10. f4 b4 11. Nd1 Nbd7 12. Bd2 Bb7 13. Nf2 a5 14. Nd4 Rc8 15. Kh1
Be7 16. Rae1 h5 17. c3 bxc3 18. Bxc3 h4 19. Nh3 Nc5 20. e5 Nfd7 21. Nb5 Qb8 22.
exd6 Bxd6 23. Nxd6+ Qxd6 24. Bb5 Rh6 25. Rd1 Qe7 26. f5 exf5 27. Qxe7+ Kxe7 28.
Bxa5 Bc6 29. Bxc6 Rcxc6 30. Bb4 Rhe6 31. Nf4 Re4 32. a3 g5 33. Nd5+ Ke6 34. Nc3
Re5 35. Nb5 Nb3 36. Rfe1 Ndc5 37. Bxc5 Rcxc5 38. Rxe5+ Kxe5 39. Nc3 f4 40. Kg1
Nd4 41. Re1+ Kf5 42. Kf2 g4 43. g3 fxg3+ 44. hxg3 h3 45. Re4 Nb5 46. Rf4+ Ke5
47. Rxg4 Nxc3 48. bxc3 Rxc3 49. Rh4 Rxa3 1/2-1/2

[Event "Olimpiada Calviá 2004"]
[Site "Calviá ESP"]
[Date "2004.10.28"]
[Round "13.58"]
[White "Nakapunda, Otto"]
[Black "Tromp, Rigoberto"]
[Result "1/2-1/2"]
[WhiteElo "2129"]
[BlackElo "2069"]
[PlyCount "88"]
[EventDate "2004.10.15"]
[EventType "team"]
[EventRounds "14"]
[EventCountry "ESP"]
[Source "lmi"]
[SourceDate "2004.10.27"]

1. d4 Nf6 2. c4 c5 3. e3 g6 4. Nf3 Bg7 5. Be2 O-O 6. O-O d6 7. Nc3 Nbd7 8. b3
a6 9. Bb2 Qc7 10. Rc1 b6 11. Qc2 Bb7 12. Rfd1 e6 13. Ne1 Rac8 14. Bf3 Bxf3 15.
Nxf3 Ng4 16. h3 cxd4 17. hxg4 dxc3 18. Bxc3 Bxc3 19. Qxc3 Rcd8 20. e4 e5 21. g5
Nc5 22. Qe3 Ne6 23. g3 Qc5 24. Qe2 f6 25. Rd5 Qc7 26. gxf6 Rxf6 27. Rd3 Nc5 28.
Re3 Rdf8 29. Kg2 Ne6 30. Qd3 Nc5 31. Qe2 Ne6 32. Qd3 Nc5 33. Qd5+ Qf7 34. Qxf7+
R8xf7 35. Rcc3 Ne6 36. Re2 h6 37. Rd2 Nc5 38. Re2 Ne6 39. Ne1 Nd4 40. Rd2 h5
41. f3 g5 42. Rdd3 g4 43. f4 Ne2 44. f5 Nxc3 1/2-1/2

[Event "Olimpiada Calviá 2004"]
[Site "Calviá ESP"]
[Date "2004.10.28"]
[Round "13.59"]
[White "Fancy, Stuart"]
[Black "Rowe, Peter"]
[Result "1/2-1/2"]
[WhiteElo "2195"]
[BlackElo "2085"]
[PlyCount "57"]
[EventDate "2004.10.15"]
[EventType "team"]
[EventRounds "14"]
[EventCountry "ESP"]
[Source "lmi"]
[SourceDate "2004.10.27"]

1. e4 c5 2. Nf3 Nc6 3. Bb5 g6 4. O-O Bg7 5. Re1 Nf6 6. e5 Nd5 7. Bxc6 bxc6 8.
c4 Nc7 9. Nc3 O-O 10. d3 Ne6 11. Ne4 d6 12. exd6 exd6 13. Neg5 d5 14. Qc2 Qd6
15. Nxe6 Bxe6 16. g3 dxc4 17. dxc4 Bf5 18. Qa4 Bg4 19. Bf4 Qf6 20. Ne5 Bh3 21.
Qxc6 Qxc6 22. Nxc6 Bxb2 23. Rab1 Bf6 24. Bd6 Rfc8 25. Ne7+ Bxe7 26. Rxe7 Be6
27. Rc1 Rc6 28. Be5 Ra6 29. Rc2 1/2-1/2

[Event "Olimpiada Calviá 2004"]
[Site "Calviá ESP"]
[Date "2004.10.28"]
[Round "13.60"]
[White "Mutabazi, Fidele"]
[Black "Li Ying, Patrick"]
[Result "0-1"]
[WhiteElo "2200"]
[BlackElo "2200"]
[PlyCount "90"]
[EventDate "2004.10.15"]
[EventType "team"]
[EventRounds "14"]
[EventCountry "ESP"]
[Source "lmi"]
[SourceDate "2004.10.27"]

1. e4 e6 2. d4 d5 3. exd5 exd5 4. Nf3 Bg4 5. h3 Bh5 6. Be2 Bd6 7. Nc3 c6 8. O-O
Ne7 9. Bg5 f6 10. Bd2 O-O 11. g4 Bf7 12. Bd3 Ng6 13. Re1 Nd7 14. Ne2 Qc7 15.
Be3 Rae8 16. Qd2 c5 17. dxc5 Nxc5 18. Bxg6 hxg6 19. Rad1 Ne4 20. Qd3 Rc8 21. c3
Qa5 22. a3 Bb8 23. Bf4 Qb6 24. Rf1 Qxb2 25. Rb1 Qxa3 26. Ra1 Qc5 27. Be3 Qc4
28. Qxc4 Rxc4 29. Bxa7 Nxc3 30. Nxc3 Rxc3 31. Bxb8 Rxb8 32. Kg2 b5 33. Rab1 b4
34. Nd4 g5 35. Rb2 Bg6 36. Re1 b3 37. Re3 Be4+ 38. Kh2 Bd3 39. Kg3 Rb4 40. Nc6
Rxc6 41. Rxd3 d4 42. Kg2 Rc3 43. Rdd2 d3 44. Kf1 Rc1+ 45. Kg2 Rc2 0-1

[Event "Olimpiada Calviá 2004"]
[Site "Calviá ESP"]
[Date "2004.10.28"]
[Round "13.61"]
[White "Kumar, Manoj"]
[Black "Hook, William"]
[Result "1-0"]
[WhiteElo "2036"]
[BlackElo "2108"]
[PlyCount "63"]
[EventDate "2004.10.15"]
[EventType "team"]
[EventRounds "14"]
[EventCountry "ESP"]
[Source "lmi"]
[SourceDate "2004.10.27"]

1. d4 Nf6 2. Nf3 g6 3. c4 Bg7 4. Nc3 O-O 5. e4 d6 6. Be2 e5 7. dxe5 dxe5 8.
Qxd8 Rxd8 9. Bg5 Re8 10. Rd1 h6 11. Be3 c6 12. h3 Nbd7 13. O-O Nf8 14. Rd2 Nh5
15. Rfd1 Nf4 16. Bf1 g5 17. Rd8 Rxd8 18. Rxd8 Bf6 19. Rd2 Kg7 20. Ne2 N8g6 21.
Ng3 g4 22. hxg4 Bxg4 23. Nf5+ Bxf5 24. exf5 Ne7 25. g3 Nh5 26. Bh3 Kh7 27. Rd6
Ng8 28. Rd7 b6 29. Rxf7+ Ng7 30. Nd2 Kh8 31. Ne4 Ne8 32. Nxf6 1-0

[Event "Olimpiada Calviá 2004"]
[Site "Calviá ESP"]
[Date "2004.10.28"]
[Round "13.63"]
[White "Abela, Daniel"]
[Black "Hoareau, Benjamin"]
[Result "1-0"]
[WhiteElo "2088"]
[BlackElo "2200"]
[PlyCount "50"]
[EventDate "2004.10.15"]
[EventType "team"]
[EventRounds "14"]
[EventCountry "ESP"]
[Source "lmi"]
[SourceDate "2004.10.27"]

1. e4 c6 2. d4 d5 3. e5 Bf5 4. Nd2 e6 5. Nb3 Nd7 6. f4 c5 7. c3 Qb6 8. Nf3 h6
9. h3 Ne7 10. Nxc5 Nxc5 11. dxc5 Qxc5 12. Qa4+ Nc6 13. Bb5 a6 14. Nd4 Rc8 15.
Bxc6+ bxc6 16. Qxa6 Kd7 17. Be3 Be4 18. O-O g6 19. Rfe1 Qe7 20. Nb3 c5 21. Na5
Rc7 22. b4 d4 23. cxd4 cxd4 24. Qb5+ Kc8 25. Bxd4 g5 1-0

[Event "Olimpiada Calviá 2004"]
[Site "Calviá ESP"]
[Date "2004.10.28"]
[Round "13.64"]
[White "Krylov, Sergey"]
[Black "Kawuma, Steven Male"]
[Result "1/2-1/2"]
[WhiteElo "2407"]
[BlackElo "2141"]
[PlyCount "108"]
[EventDate "2004.10.15"]
[EventType "team"]
[EventRounds "14"]
[EventCountry "ESP"]
[Source "lmi"]
[SourceDate "2004.10.27"]

1. e4 c5 2. Nf3 Nc6 3. d4 cxd4 4. Nxd4 Nf6 5. Nc3 e5 6. Ndb5 d6 7. Bg5 a6 8.
Na3 b5 9. Nd5 Be7 10. Bxf6 Bxf6 11. c3 O-O 12. Nc2 Rb8 13. Be2 Bg5 14. O-O a5
15. a3 Ne7 16. Nce3 Be6 17. Qd3 Nxd5 18. Nxd5 Qd7 19. Rfd1 Kh8 20. Qg3 Bd8 21.
h3 g6 22. Qd3 f5 23. Bf3 Qf7 24. Qe2 Bh4 25. Rd2 Bg5 26. Rd3 Bh4 27. Rf1 Bd8
28. b4 axb4 29. cxb4 Bg5 30. Rfd1 Rfc8 31. Ne3 Be7 32. exf5 gxf5 33. Bd5 Rg8
34. Bxe6 Qxe6 35. Rd5 f4 36. Ng4 Rg5 37. Kh1 Rbg8 38. Rxb5 h5 39. Nh2 Qg6 40.
Qf3 Rxg2 41. Ng4 Rxg4 42. hxg4 hxg4 43. Qg2 Kg7 44. Qb7 Kf6 45. Rb6 Qh7+ 46.
Kg1 Rh8 47. Rbxd6+ Bxd6 48. Rxd6+ Kf5 49. Qxh7+ Rxh7 50. b5 Rc7 51. Rd1 Rc3 52.
Ra1 Rb3 53. a4 Rb4 54. Kg2 Rb2 1/2-1/2

[Event "Olimpiada Calviá 2004"]
[Site "Calviá ESP"]
[Date "2004.10.28"]
[Round "13.64"]
[White "Zoltek, Tadeusz"]
[Black "Kantinti, Shadrack"]
[Result "0-1"]
[WhiteElo "2313"]
[BlackElo "2188"]
[PlyCount "94"]
[EventDate "2004.10.15"]
[EventType "team"]
[EventRounds "14"]
[EventCountry "ESP"]
[Source "lmi"]
[SourceDate "2004.10.27"]

1. c4 Nf6 2. Nc3 c5 3. Nf3 d5 4. cxd5 Nxd5 5. g3 Nc6 6. Bg2 Nc7 7. O-O e5 8. d3
Be7 9. Be3 O-O 10. Rc1 Ne6 11. Na4 Qa5 12. Nd2 Ned4 13. b3 Bg4 14. f3 Be6 15.
Ne4 b6 16. Bd2 Qa6 17. f4 Bg4 18. Nac3 exf4 19. Rxf4 f5 20. Nf2 g5 21. Bxc6
Nxc6 22. Ra4 Qb7 23. Nxg4 fxg4 24. Rxg4 Qd7 25. Re4 Qh3 26. e3 Rf2 27. Kxf2
Qxh2+ 28. Kf1 Rf8+ 29. Rf4 Qh3+ 30. Kf2 gxf4 31. exf4 Ne5 32. Qh1 Nxd3+ 33. Kf3
Qd7 34. Rf1 Ne5+ 35. Ke2 Qg4+ 36. Kf2 Nd3+ 37. Kg2 Rf5 38. Qh3 Qg6 39. g4 Nb4
40. Qg3 Rf8 41. f5 Qc6+ 42. Qf3 Rd8 43. Qxc6 Rxd2+ 44. Kh1 Nxc6 45. f6 Bf8 46.
Ne4 Rc2 47. Ng5 Nd4 0-1

[Event "Olimpiada Calviá 2004 Femenina"]
[Site "Calviá ESP"]
[Date "2004.10.28"]
[Round "13.18"]
[White "Sharevich, Anna"]
[Black "Sabirova, Olga"]
[Result "1-0"]
[WhiteElo "2266"]
[BlackElo "2250"]
[PlyCount "71"]
[EventDate "2004.10.15"]
[EventType "team"]
[EventRounds "14"]
[EventCountry "ESP"]
[Source "lmi"]
[SourceDate "2004.10.27"]

1. Nf3 Nf6 2. c4 g6 3. Nc3 Bg7 4. e4 d6 5. d4 O-O 6. Bg5 Bg4 7. Be2 Nfd7 8. Ng1
Bxe2 9. Ngxe2 h6 10. Be3 c5 11. O-O Nc6 12. Rc1 Kh7 13. b3 cxd4 14. Nxd4 Qa5
15. Nd5 Nf6 16. f3 Nxd5 17. exd5 Nxd4 18. Bxd4 Rac8 19. Bxg7 Kxg7 20. Qd4+ Kh7
21. Rf2 Rfd8 22. f4 Qc5 23. Qe4 Rc7 24. f5 Rg8 25. fxg6+ Rxg6 26. b4 Qb6 27. c5
dxc5 28. Rxf7+ Kg8 29. Rcf1 cxb4+ 30. Kh1 Rc8 31. Qxe7 Qd8 32. d6 Rb8 33. h4
Rg4 34. Rf8+ Qxf8 35. Rxf8+ Rxf8 36. Qe6+ 1-0